| 000 | 00719nam a2200313Ia 4500 | ||
|---|---|---|---|
| 001 | 5662 | ||
| 008 | 191123s9999 xx 000 0 und d | ||
| 041 | _aspa | ||
| 044 | _aag | ||
| 100 | _aDi Segni, Franco, | ||
| 245 | 0 |
_aHacia la pintura : _bpsicoanálisis aplicado al arte. |
|
| 260 |
_aBuenos Aires : _bMovimiento NOA, _c1960. |
||
| 300 | _a119 p. | ||
| 650 | _aARTE | ||
| 650 | _aBELLEZA | ||
| 650 | _aCREACION ARTISTICA | ||
| 650 | _aESTETICA | ||
| 650 | _aPICHON RIVIERE, ENRIQUE, | ||
| 650 | _aPSICOLOGIA | ||
| 650 | _aSOCIEDAD | ||
| 902 | _aM | ||
| 903 | _am | ||
| 904 | _am | ||
| 907 | _aImpreso | ||
| 911 | _aláminas b/n; 20 cm | ||
| 912 | _a1960 | ||
| 942 | _cLIBRO | ||
| 999 |
_c4027 _d4027 |
||